Mindgames : Phil Jackson's long strange journey
| Main Author: | |
|---|---|
| Format: | Book |
| Published: |
Illinois :
Contemporary Books ,
2001
|
| Subjects: |
MARC
| LEADER | 00000cam a2200000 7i4500 | ||
|---|---|---|---|
| 001 | 0000057504 | ||
| 005 | 20020703.0 | ||
| 020 | |a 0809297078 | ||
| 090 | 0 | 0 | |a 796.323092 |b LAZ |
| 100 | 1 | |a Lazenby, Roland | |
| 245 | 1 | 0 | |a Mindgames : |b Phil Jackson's long strange journey |c Roland Lazenby |
| 260 | |a Illinois : |b Contemporary Books , |c 2001 | ||
| 300 | |a 404p. : |b ill. ; |c 24cm. | ||
| 600 | 1 | 0 | |a Jackson, Phill |
| 650 | 0 | 0 | |a Basketball coaches |z United States |x Biography |
| 650 | 0 | 0 | |a Chicago Bulls (Basketball team) |
| 999 | |a 114640 |b BUKU |c RUJUKAN |e PERPUSTAKAAN KOMUNITI PETALING JAYA | ||